[Event "43. Olimpiada Batumi 2018 Femenina"]
[Site "Batumi GEO"]
[Date "2018.09.26"]
[Round "3.3"]
[White "Gunina, Valentina"]
[Black "Azman Hisham, Nur Nabila"]
[Result "1-0"]
[WhiteElo "2528"]
[BlackElo "1943"]
[PlyCount "71"]
[EventDate "2018.09.24"]
[EventType "team-swiss"]
[EventRounds "11"]
[EventCountry "GEO"]
[SourceTitle "Ajedrez en Madrid"]
[Source "lmi"]
[SourceDate "2018.09.24"]
[WhiteTeam "Russia"]
[BlackTeam "Malaysia"]
[WhiteTeamCountry "RUS"]
[BlackTeamCountry "MAS"]

1. e4 c5 2. Nf3 d6 3. d4 cxd4 4. Qxd4 a6 5. c4 Nc6 6. Qd1 Nf6 7. Nc3 g6 8. Be2
Bg7 9. O-O O-O 10. h3 Nd7 11. Be3 Nde5 12. Qd2 Nxf3+ 13. Bxf3 Be6 14. Nd5 Bxd5
15. cxd5 Ne5 16. Be2 f5 17. exf5 gxf5 18. Rac1 Ng6 19. f4 Qd7 20. Rc2 Rac8 21.
Rfc1 b5 22. Rc6 e6 23. dxe6 Qxe6 24. Bf3 Ne7 25. Rxc8 Rxc8 26. Rxc8+ Qxc8 27.
Qxd6 Ng6 28. Bd5+ Kh8 29. Be6 Qe8 30. Kf2 Qa8 31. Bxf5 Nh4 32. Be4 Qc8 33. Bd4
Ng6 34. f5 Nf8 35. Bxg7+ Kxg7 36. Qe7+ 1-0

[Event "43. Olimpiada Batumi 2018 Femenina"]
[Site "Batumi GEO"]
[Date "2018.09.26"]
[Round "3.4"]
[White "Nithyalakshmi, Sivanesan"]
[Black "Girya, Olga"]
[Result "0-1"]
[WhiteElo "1866"]
[BlackElo "2462"]
[PlyCount "96"]
[EventDate "2018.09.24"]
[EventType "team-swiss"]
[EventRounds "11"]
[EventCountry "GEO"]
[SourceTitle "Ajedrez en Madrid"]
[Source "lmi"]
[SourceDate "2018.09.24"]
[WhiteTeam "Malaysia"]
[BlackTeam "Russia"]
[WhiteTeamCountry "MAS"]
[BlackTeamCountry "RUS"]

1. e4 c6 2. d4 d5 3. e5 Bf5 4. Nf3 e6 5. a3 Nd7 6. Be2 Ne7 7. Nh4 c5 8. c3 Be4
9. Be3 Nc6 10. Nf3 Be7 11. Nbd2 Bg6 12. b4 cxd4 13. cxd4 Rc8 14. Qb3 O-O 15.
O-O Nb6 16. Rac1 Qd7 17. Rfd1 Rc7 18. Rc3 Rfc8 19. Rdc1 h6 20. h3 a6 21. Ne1
Bg5 22. Ndf3 Be7 23. Nd3 Nc4 24. Nf4 Be4 25. Bxc4 dxc4 26. Qxc4 Bxf3 27. gxf3
Nxe5 28. Qxc7 Nxf3+ 29. Kg2 Nh4+ 30. Kg1 Rxc7 31. Rxc7 Qd6 32. Ne2 Qd5 33. Nf4
Qg5+ 34. Kf1 Bd6 35. Rc8+ Kh7 36. Nd3 Qg2+ 37. Ke2 Qxh3 38. R1c4 Qf3+ 39. Kd2
Nf5 40. Ne1 Qd5 41. Kc3 b5 42. R4c5 Bxc5 43. dxc5 h5 44. Nd3 h4 45. Bf4 h3 46.
Kd2 Qa2+ 47. Ke1 Nd4 48. Nc1 Qc2 0-1

[Event "43. Olimpiada Batumi 2018 Femenina"]
[Site "Batumi GEO"]
[Date "2018.09.26"]
[Round "3.1"]
[White "Rodriguez Arrieta, Maria Elena"]
[Black "Georgescu, Lena"]
[Result "1/2-1/2"]
[WhiteElo "1943"]
[BlackElo "2195"]
[PlyCount "82"]
[EventDate "2018.09.24"]
[EventType "team-swiss"]
[EventRounds "11"]
[EventCountry "GEO"]
[SourceTitle "Ajedrez en Madrid"]
[Source "lmi"]
[SourceDate "2018.09.24"]
[WhiteTeam "Costa Rica"]
[BlackTeam "Switzerland"]
[WhiteTeamCountry "CRI"]
[BlackTeamCountry "SUI"]

1. e4 c5 2. Nf3 d6 3. Bb5+ Nd7 4. c3 Ngf6 5. Qe2 a6 6. Ba4 e6 7. O-O Be7 8. d4
b5 9. Bc2 Bb7 10. Re1 Qc7 11. Bd3 O-O 12. Nbd2 e5 13. d5 c4 14. Bc2 Rfe8 15.
Nf1 Bf8 16. Ng3 g6 17. h3 Nc5 18. Nh2 Bc8 19. Bg5 Be7 20. Bh6 Bd7 21. Ngf1 Nh5
22. Qf3 Bf8 23. Bd2 Bg7 24. g4 Nf4 25. Bxf4 exf4 26. Qxf4 Na4 27. Rab1 Rab8 28.
a3 a5 29. Nf3 Nc5 30. Ng3 b4 31. axb4 axb4 32. Qd2 bxc3 33. bxc3 Rxb1 34. Rxb1
Rb8 35. Ne2 Rxb1+ 36. Bxb1 Na4 37. Nfd4 Qb6 38. Ba2 Bb5 39. Bb1 Ba6 40. Bc2 Nc5
41. Qc1 Nd3 1/2-1/2

[Event "43. Olimpiada Batumi 2018 Femenina"]
[Site "Batumi GEO"]
[Date "2018.09.26"]
[Round "3.2"]
[White "Heinatz, Gundula"]
[Black "Gamboa Alvarado, Olga Leticia"]
[Result "1-0"]
[WhiteElo "2170"]
[BlackElo "1869"]
[PlyCount "67"]
[EventDate "2018.09.24"]
[EventType "team-swiss"]
[EventRounds "11"]
[EventCountry "GEO"]
[SourceTitle "Ajedrez en Madrid"]
[Source "lmi"]
[SourceDate "2018.09.24"]
[WhiteTeam "Switzerland"]
[BlackTeam "Costa Rica"]
[WhiteTeamCountry "SUI"]
[BlackTeamCountry "CRI"]

1. d4 Nf6 2. Nf3 e6 3. Bg5 h6 4. Bxf6 Qxf6 5. e4 d5 6. e5 Qd8 7. Bd3 c5 8. c3
Nc6 9. O-O Bd7 10. a3 Qb6 11. b4 cxd4 12. b5 Na5 13. Nxd4 Bc5 14. Qa4 a6 15.
Nd2 O-O 16. N2f3 Nc4 17. Qc2 Nxa3 18. Rxa3 Bxa3 19. Rb1 a5 20. g4 Rfc8 21. Qd2
Qc7 22. Ne2 Be7 23. Bc2 Qc4 24. Nfd4 a4 25. h4 Bxh4 26. Kg2 Be7 27. Rh1 a3 28.
Rxh6 f6 29. exf6 Bxf6 30. Rxf6 gxf6 31. Qh6 Kf7 32. Qh7+ Ke8 33. Nf4 Qc5 34.
Bg6+ 1-0

[Event "43. Olimpiada Batumi 2018 Femenina"]
[Site "Batumi GEO"]
[Date "2018.09.26"]
[Round "3.3"]
[White "Castillo Morales, Thais"]
[Black "De Seroux, Camille"]
[Result "0-1"]
[WhiteElo "1925"]
[BlackElo "2175"]
[PlyCount "84"]
[EventDate "2018.09.24"]
[EventType "team-swiss"]
[EventRounds "11"]
[EventCountry "GEO"]
[SourceTitle "Ajedrez en Madrid"]
[Source "lmi"]
[SourceDate "2018.09.24"]
[WhiteTeam "Costa Rica"]
[BlackTeam "Switzerland"]
[WhiteTeamCountry "CRI"]
[BlackTeamCountry "SUI"]

1. c4 e5 2. g3 h5 3. h4 Nc6 4. Nc3 Nf6 5. Nf3 Bc5 6. Bg2 d6 7. d3 Ng4 8. O-O
Bf5 9. a3 a5 10. e3 O-O 11. d4 exd4 12. exd4 Ba7 13. b3 Re8 14. Bb2 Qd7 15. Nd5
Be4 16. Nf4 Qf5 17. Qd2 Ne7 18. Ng5 Bxg2 19. Kxg2 Ng6 20. Nd5 Qd7 21. f3 c6 22.
Rae1 cxd5 23. fxg4 Qxg4 24. Kh2 f6 25. Nh3 dxc4 26. bxc4 Ne7 27. Rf4 Qg6 28.
Qf2 Nc6 29. c5 dxc5 30. dxc5 Rxe1 31. Qxe1 Bxc5 32. Rc4 Re8 33. Qd1 Qf5 34. Nf4
Ba7 35. Qb3 Kh7 36. Bc3 Ne5 37. Rc7 Ng4+ 38. Kh1 Qe4+ 39. Ng2 Nf2+ 40. Kh2 Ng4+
41. Kh1 Qf5 42. Nf4 Re2 0-1

[Event "43. Olimpiada Batumi 2018 Femenina"]
[Site "Batumi GEO"]
[Date "2018.09.26"]
[Round "3.4"]
[White "Stoeri, Laura"]
[Black "Salazar Gould, Melanie"]
[Result "1-0"]
[WhiteElo "2118"]
[BlackElo "1926"]
[PlyCount "65"]
[EventDate "2018.09.24"]
[EventType "team-swiss"]
[EventRounds "11"]
[EventCountry "GEO"]
[SourceTitle "Ajedrez en Madrid"]
[Source "lmi"]
[SourceDate "2018.09.24"]
[WhiteTeam "Switzerland"]
[BlackTeam "Costa Rica"]
[WhiteTeamCountry "SUI"]
[BlackTeamCountry "CRI"]

1. e4 e6 2. d4 d5 3. Nd2 Nf6 4. e5 Nfd7 5. Bd3 c5 6. c3 Nc6 7. Ngf3 Be7 8. O-O
g5 9. dxc5 Nxc5 10. Bb5 Qc7 11. Qe2 Nd7 12. Re1 a6 13. Bxc6 bxc6 14. c4 Qb6 15.
Nb3 g4 16. Nfd4 h5 17. cxd5 cxd5 18. Bd2 a5 19. a4 Ba6 20. Nb5 Bxb5 21. axb5 a4
22. Be3 Qb8 23. Nd4 Qxe5 24. Nc6 Qd6 25. Nxe7 Qxe7 26. Bd4 Rg8 27. Qc2 Qd6 28.
Rxa4 Rxa4 29. Qxa4 Nb6 30. Qa7 Nc4 31. Bc5 Qd7 32. Qa8+ Qd8 33. Ra1 1-0

[Event "43. Olimpiada Batumi 2018 Femenina"]
[Site "Batumi GEO"]
[Date "2018.09.26"]
[Round "3.1"]
[White "Dornbusch, Tatiana"]
[Black "Narva, Mai"]
[Result "1-0"]
[WhiteElo "2271"]
[BlackElo "2320"]
[PlyCount "53"]
[EventDate "2018.09.24"]
[EventType "team-swiss"]
[EventRounds "11"]
[EventCountry "GEO"]
[SourceTitle "Ajedrez en Madrid"]
[Source "lmi"]
[SourceDate "2018.09.24"]
[WhiteTeam "Monaco"]
[BlackTeam "Estonia"]
[WhiteTeamCountry "MNC"]
[BlackTeamCountry "EST"]

1. d4 Nf6 2. Nf3 d5 3. c4 e6 4. Nc3 Be7 5. Bg5 h6 6. Bh4 O-O 7. e3 b6 8. cxd5
exd5 9. Bd3 Bb7 10. O-O Nbd7 11. Rc1 c5 12. Bb1 Rc8 13. Qa4 Bc6 14. Qc2 Ne4 15.
Bxe7 Qxe7 16. Rfd1 Ndf6 17. dxc5 bxc5 18. Nxe4 dxe4 19. Nd2 Bd5 20. Qa4 Rfd8
21. h3 Rb8 22. Qa3 Rb4 23. Rc2 Bc6 24. Rdc1 Rd3 25. b3 Bb5 26. Rxc5 Rxd2 27.
Qxb4 1-0

[Event "43. Olimpiada Batumi 2018 Femenina"]
[Site "Batumi GEO"]
[Date "2018.09.26"]
[Round "3.2"]
[White "Olde, Margareth"]
[Black "Jose Polanco, Kenia"]
[Result "1/2-1/2"]
[WhiteElo "2158"]
[BlackElo "1872"]
[PlyCount "77"]
[EventDate "2018.09.24"]
[EventType "team-swiss"]
[EventRounds "11"]
[EventCountry "GEO"]
[SourceTitle "Ajedrez en Madrid"]
[Source "lmi"]
[SourceDate "2018.09.24"]
[WhiteTeam "Estonia"]
[BlackTeam "Monaco"]
[WhiteTeamCountry "EST"]
[BlackTeamCountry "MNC"]

1. d4 f5 2. c4 Nf6 3. g3 g6 4. Bg2 Bg7 5. Nf3 O-O 6. O-O d6 7. Nc3 e6 8. Qc2
Nc6 9. Rd1 Qe7 10. d5 exd5 11. cxd5 Nb4 12. Qa4 Na6 13. Qh4 Nc5 14. Bg5 Nce4
15. Nd4 Nxg5 16. Qxg5 Rf7 17. Rac1 a6 18. Ne6 Bxe6 19. dxe6 Qxe6 20. Bxb7 Rb8
21. Bxa6 Ng4 22. Rc2 Bh6 23. Qh4 Be3 24. Rf1 Rb4 25. Nd1 Bb6 26. h3 Qxa2 27.
hxg4 Qxa6 28. Qd8+ Rf8 29. Qd7 Rxg4 30. e3 Qb7 31. Nc3 Qf3 32. Qe6+ Kg7 33. Nd5
Re4 34. Qd7+ Rf7 35. Qd8 Rf8 36. Qd7+ Rf7 37. Qd8 Rf8 38. Qd7+ Rf7 39. Qd8
1/2-1/2

[Event "43. Olimpiada Batumi 2018 Femenina"]
[Site "Batumi GEO"]
[Date "2018.09.26"]
[Round "3.3"]
[White "Lebel-Arias, Julia"]
[Black "Tsiganova, Monika"]
[Result "0-1"]
[WhiteElo "1724"]
[BlackElo "2102"]
[PlyCount "78"]
[EventDate "2018.09.24"]
[EventType "team-swiss"]
[EventRounds "11"]
[EventCountry "GEO"]
[SourceTitle "Ajedrez en Madrid"]
[Source "lmi"]
[SourceDate "2018.09.24"]
[WhiteTeam "Monaco"]
[BlackTeam "Estonia"]
[WhiteTeamCountry "MNC"]
[BlackTeamCountry "EST"]

1. d4 Nf6 2. e3 g6 3. Nd2 Bg7 4. c3 O-O 5. Be2 d6 6. e4 Nbd7 7. f4 e5 8. fxe5
dxe5 9. d5 c6 10. dxc6 bxc6 11. Ngf3 Nc5 12. Qc2 Nfxe4 13. Nc4 Bf5 14. Ne3 Ng3
15. Nxf5 Nxh1 16. Nxg7 e4 17. Bg5 Qd7 18. Nd4 Kxg7 19. O-O-O Nf2 20. Rf1 Nfd3+
21. Kb1 f6 22. Be3 Rab8 23. b3 a5 24. Bxd3 Nxd3 25. Qd2 Rf7 26. Ka1 c5 27. Nc2
a4 28. b4 Qb5 29. Rb1 Rd7 30. Na3 Qc6 31. b5 Qe6 32. Qc2 Qe5 33. g3 Nb4 34. Qb2
Nd5 35. Bxc5 Nxc3 36. Rc1 Qxc5 37. Qxc3 Qe7 38. Qb2 e3 39. Nc4 e2 0-1

[Event "43. Olimpiada Batumi 2018 Femenina"]
[Site "Batumi GEO"]
[Date "2018.09.26"]
[Round "3.4"]
[White "Narva, Triin"]
[Black "Berezovsky, Fiorina"]
[Result "1-0"]
[WhiteElo "2113"]
[BlackElo "1526"]
[PlyCount "119"]
[EventDate "2018.09.24"]
[EventType "team-swiss"]
[EventRounds "11"]
[EventCountry "GEO"]
[SourceTitle "Ajedrez en Madrid"]
[Source "lmi"]
[SourceDate "2018.09.24"]
[WhiteTeam "Estonia"]
[BlackTeam "Monaco"]
[WhiteTeamCountry "EST"]
[BlackTeamCountry "MNC"]

1. e4 c5 2. Nc3 Nc6 3. g3 g6 4. Bg2 Bg7 5. Nge2 e6 6. d3 Nge7 7. O-O O-O 8. Be3
b6 9. Qd2 d5 10. exd5 exd5 11. Bh6 Be6 12. Bxg7 Kxg7 13. Nf4 Rc8 14. Rae1 Qd7
15. h4 d4 16. Nxe6+ fxe6 17. Ne4 Nf5 18. Ng5 Rce8 19. Qe2 e5 20. Qe4 Nb4 21. a3
Na6 22. Nf3 Re7 23. Nxe5 Qc7 24. Qc6 Rfe8 25. Qxc7 Nxc7 26. Nf3 Re2 27. Rxe2
Rxe2 28. Rc1 b5 29. Kf1 Re7 30. Ng5 c4 31. Ne4 a5 32. Ke2 Na6 33. Kd2 Re5 34.
c3 Nc5 35. Nxc5 Rxc5 36. dxc4 Rxc4 37. Kd3 dxc3 38. Rxc3 Rd4+ 39. Ke2 b4 40.
Rc7+ Kh6 41. Bh3 bxa3 42. bxa3 Rd5 43. Bxf5 Rxf5 44. g4 Re5+ 45. Kd3 g5 46. h5
Rd5+ 47. Kc4 Re5 48. Kd4 Rb5 49. Rc5 Rb2 50. f3 Rb3 51. Rc3 Rb5 52. a4 Rb4+ 53.
Rc4 Rb3 54. Ke4 Rb6 55. Kf5 Rd6 56. Rc5 Ra6 57. Rb5 Rc6 58. Rxa5 Rd6 59. Rb5
Rc6 60. a5 1-0

[Event "43. Olimpiada Batumi 2018 Femenina"]
[Site "Batumi GEO"]
[Date "2018.09.26"]
[Round "3.1"]
[White "Gerasimova, Svetlana"]
[Black "Ptacnikova, Lenka"]
[Result "1/2-1/2"]
[WhiteElo "1966"]
[BlackElo "2211"]
[PlyCount "105"]
[EventDate "2018.09.24"]
[EventType "team-swiss"]
[EventRounds "11"]
[EventCountry "GEO"]
[SourceTitle "Ajedrez en Madrid"]
[Source "lmi"]
[SourceDate "2018.09.24"]
[WhiteTeam "IPCA"]
[BlackTeam "Iceland"]
[BlackTeamCountry "ISL"]

1. Nf3 Nf6 2. g3 d5 3. Bg2 c6 4. O-O Bf5 5. d3 h6 6. Nbd2 e6 7. Nh4 Bh7 8. e4
Be7 9. Qe2 O-O 10. e5 Nfd7 11. Nhf3 a5 12. h4 Na6 13. Re1 b5 14. Nf1 Qb6 15. h5
c5 16. N1h2 c4 17. Be3 Qc7 18. d4 Nb4 19. Rec1 Rfc8 20. Ng4 Bf8 21. Nh4 Nc6 22.
c3 b4 23. f4 bxc3 24. bxc3 Ne7 25. Nf2 Rab8 26. g4 Rb6 27. Qf3 Qd8 28. f5 f6
29. exf6 Nxf6 30. Ng6 exf5 31. gxf5 Rcc6 32. Re1 Rb2 33. Ng4 Ne4 34. N4e5 Rf6
35. Bh3 Rc2 36. Rec1 Rxc3 37. Rxc3 Nxc3 38. Bxh6 gxh6 39. Qxc3 Nxf5 40. Rf1 Ng7
41. Rxf6 Qxf6 42. Qxa5 Bxg6 43. hxg6 Qg5+ 44. Bg2 Qc1+ 45. Kf2 Qb2+ 46. Kf1
Qa1+ 47. Ke2 Qb2+ 48. Qd2 Qxd2+ 49. Kxd2 Bb4+ 50. Kc2 Nf5 51. Bxd5+ Kg7 52.
Bxc4 Nxd4+ 53. Kd3 1/2-1/2

[Event "43. Olimpiada Batumi 2018 Femenina"]
[Site "Batumi GEO"]
[Date "2018.09.26"]
[Round "3.2"]
[White "Thorsteinsdottir, Gudlaug"]
[Black "Melnik, Galina"]
[Result "1/2-1/2"]
[WhiteElo "1981"]
[BlackElo "1872"]
[PlyCount "95"]
[EventDate "2018.09.24"]
[EventType "team-swiss"]
[EventRounds "11"]
[EventCountry "GEO"]
[SourceTitle "Ajedrez en Madrid"]
[Source "lmi"]
[SourceDate "2018.09.24"]
[WhiteTeam "Iceland"]
[BlackTeam "IPCA"]
[WhiteTeamCountry "ISL"]

1. d4 d5 2. c4 e6 3. Nc3 dxc4 4. e4 c5 5. Qa4+ Bd7 6. Qxc4 cxd4 7. Qxd4 Nc6 8.
Qd1 Nf6 9. Nf3 Bb4 10. Bd3 e5 11. O-O Bg4 12. Bg5 Bxc3 13. bxc3 h6 14. Bc1 O-O
15. h3 Be6 16. a4 Qa5 17. Qc2 Rac8 18. Be3 Rfd8 19. Rfb1 Qc7 20. Qe2 b6 21. Ba6
Rb8 22. Nd2 Na5 23. c4 Nc6 24. c5 Nd4 25. Bxd4 Rxd4 26. cxb6 Rxb6 27. Rxb6 Qxb6
28. Bd3 Qd6 29. Nc4 Bxc4 30. Bxc4 Rxe4 31. Qa2 Qe7 32. a5 Rd4 33. Rb1 Rd7 34.
a6 e4 35. Rb8+ Kh7 36. Qb1 Qd6 37. Rb7 Qe7 38. Rxd7 Qxd7 39. Qb7 Qd1+ 40. Kh2
Qd6+ 41. Kg1 Qd1+ 42. Bf1 Qd4 43. Qxf7 e3 44. fxe3 Qxe3+ 45. Kh1 Qe1 46. Kg1
Qe3+ 47. Kh1 Qe1 48. Kg1 1/2-1/2

[Event "43. Olimpiada Batumi 2018 Femenina"]
[Site "Batumi GEO"]
[Date "2018.09.26"]
[Round "3.3"]
[White "Aleksandrova, Aleksandra"]
[Black "Davidsdottir, Nansy"]
[Result "0-1"]
[WhiteElo "1801"]
[BlackElo "1945"]
[PlyCount "78"]
[EventDate "2018.09.24"]
[EventType "team-swiss"]
[EventRounds "11"]
[EventCountry "GEO"]
[SourceTitle "Ajedrez en Madrid"]
[Source "lmi"]
[SourceDate "2018.09.24"]
[WhiteTeam "IPCA"]
[BlackTeam "Iceland"]
[BlackTeamCountry "ISL"]

1. d4 d5 2. e3 Nf6 3. Bd3 g6 4. Nd2 Bg7 5. c3 c6 6. Ngf3 Nbd7 7. h3 Qc7 8. O-O
O-O 9. Re1 e5 10. dxe5 Nxe5 11. Nxe5 Qxe5 12. f4 Qc7 13. Qf3 Be6 14. Nf1 Rfe8
15. g4 Ne4 16. Re2 Rad8 17. Bd2 Bd7 18. Be1 c5 19. Bh4 Rc8 20. f5 Qe5 21. Bg3
Qf6 22. Rd1 gxf5 23. Bxe4 dxe4 24. Qf4 Be6 25. g5 Qg6 26. Red2 a6 27. b3 Bxc3
28. Rc2 Ba5 29. Rdc1 Bb4 30. Qh4 Red8 31. Be5 b5 32. Bf6 Rd7 33. Ng3 Bd2 34.
Qf4 Bxc1 35. Rxc1 Rd2 36. h4 h5 37. gxh6 Qxf6 38. Kh1 Kh7 39. Nxe4 Bd5 0-1

[Event "43. Olimpiada Batumi 2018 Femenina"]
[Site "Batumi GEO"]
[Date "2018.09.26"]
[Round "3.4"]
[White "Fridthjofsdottir, Sigurl. Regina"]
[Black "Kaydanovich, Marina"]
[Result "1/2-1/2"]
[WhiteElo "1724"]
[BlackElo "1725"]
[PlyCount "101"]
[EventDate "2018.09.24"]
[EventType "team-swiss"]
[EventRounds "11"]
[EventCountry "GEO"]
[SourceTitle "Ajedrez en Madrid"]
[Source "lmi"]
[SourceDate "2018.09.24"]
[WhiteTeam "Iceland"]
[BlackTeam "IPCA"]
[WhiteTeamCountry "ISL"]

1. e4 e5 2. Nf3 Nc6 3. Bb5 Nf6 4. d3 Ne7 5. O-O c6 6. Bc4 Ng6 7. c3 Be7 8. Re1
O-O 9. Nbd2 d5 10. exd5 cxd5 11. Bb3 Qc7 12. h3 b6 13. Nf1 Bb7 14. Ng3 Nd7 15.
Nf5 Bf6 16. Bd2 Rad8 17. Rc1 Nc5 18. Bc2 Ne6 19. d4 e4 20. Nh2 Ne7 21. Nxe7+
Bxe7 22. Qe2 f5 23. f3 Bd6 24. Nf1 Rde8 25. fxe4 fxe4 26. Be3 Nf4 27. Bxf4 Rxf4
28. Ne3 Ref8 29. Bb3 Qf7 30. Rf1 Rd8 31. Rcd1 Kh8 32. Rf2 h6 33. Rdf1 Rxf2 34.
Rxf2 Qe6 35. Qh5 Be7 36. Qf5 Qd6 37. Qh5 Bg5 38. Qe2 Bxe3 39. Qxe3 Rf8 40. Qe2
Rf6 41. Rxf6 Qxf6 42. Qf2 b5 43. Qxf6 gxf6 44. Kf2 Kg7 45. Ke3 f5 46. Kf4 Kf6
47. a4 a6 48. axb5 axb5 49. g3 Bc6 50. Bd1 Bd7 51. Be2 1/2-1/2

[Event "43. Olimpiada Batumi 2018 Femenina"]
[Site "Batumi GEO"]
[Date "2018.09.26"]
[Round "3.1"]
[White "Exler, Veronika"]
[Black "Zsiltzova-Lisenko, Lubov"]
[Result "1-0"]
[WhiteElo "2267"]
[BlackElo "2214"]
[PlyCount "93"]
[EventDate "2018.09.24"]
[EventType "team-swiss"]
[EventRounds "11"]
[EventCountry "GEO"]
[SourceTitle "Ajedrez en Madrid"]
[Source "lmi"]
[SourceDate "2018.09.24"]
[WhiteTeam "Austria"]
[BlackTeam "IBCA"]
[WhiteTeamCountry "AUT"]

1. d4 c5 2. d5 e6 3. c4 exd5 4. cxd5 d6 5. Nc3 g6 6. Nf3 Bg7 7. Bf4 Nf6 8. Qa4+
Bd7 9. Qb3 Qc7 10. e4 O-O 11. Nd2 Re8 12. Be2 a6 13. a4 Bc8 14. O-O Nbd7 15. h3
b6 16. Qc2 Bb7 17. Nc4 Ne5 18. Bxe5 dxe5 19. Qb3 Nd7 20. Bg4 Rab8 21. Bxd7 Qxd7
22. Nxb6 Qd8 23. a5 Bf8 24. Rac1 Bd6 25. Nca4 Qh4 26. Qf3 Qe7 27. Qe3 f5 28. f3
fxe4 29. fxe4 Rf8 30. Rxf8+ Rxf8 31. Nxc5 Bxc5 32. Rxc5 Rf4 33. Rc4 Qg5 34. Qe2
Qh4 35. Nd7 Bxd5 36. Rc8+ Kg7 37. exd5 Re4 38. Qf3 Rf4 39. Qe3 Re4 40. Qf3 Rf4
41. Qe3 Re4 42. g3 Qxh3 43. Qxe4 Qxg3+ 44. Kf1 Qh3+ 45. Ke1 Qg3+ 46. Ke2 Qh2+
47. Kd1 1-0

[Event "43. Olimpiada Batumi 2018 Femenina"]
[Site "Batumi GEO"]
[Date "2018.09.26"]
[Round "3.2"]
[White "Stolarczyk, Anna"]
[Black "Teuschler, Barbara"]
[Result "0-1"]
[WhiteElo "1984"]
[BlackElo "2172"]
[PlyCount "116"]
[EventDate "2018.09.24"]
[EventType "team-swiss"]
[EventRounds "11"]
[EventCountry "GEO"]
[SourceTitle "Ajedrez en Madrid"]
[Source "lmi"]
[SourceDate "2018.09.24"]
[WhiteTeam "IBCA"]
[BlackTeam "Austria"]
[BlackTeamCountry "AUT"]

1. d4 d5 2. c4 dxc4 3. Nc3 Nf6 4. e3 c5 5. Nf3 cxd4 6. Qxd4 Qxd4 7. Nxd4 a6 8.
Bxc4 e6 9. a3 b5 10. Be2 e5 11. Nf3 Nc6 12. b4 Bb7 13. Bb2 Bd6 14. Nd2 O-O-O
15. O-O-O Rhe8 16. Bf3 Bf8 17. h3 Nd7 18. Bd5 f6 19. e4 Nb6 20. Ba2 Nd4 21.
Rhe1 Kb8 22. Ne2 Na4 23. Bxd4 exd4 24. f3 Rc8+ 25. Kb1 Nc3+ 26. Kb2 Nxd1+ 27.
Rxd1 f5 28. Nxd4 fxe4 29. fxe4 Bd6 30. Bd5 Be5 31. N2f3 Bf6 32. Kb3 Rcd8 33.
Nf5 Rxe4 34. Bxb7 Rf4 35. Rxd8+ Bxd8 36. Nxg7 Kxb7 37. Ne6 Rf6 38. Nxd8+ Kc7
39. Ng5 Kxd8 40. Nxh7 Rf2 41. g4 Rf3+ 42. Kb2 Rxh3 43. Nf6 Rg3 44. Ne4 Rxg4 45.
Nc5 Rg6 46. Kb3 Kc7 47. Kc3 Rg3+ 48. Kb2 Kb6 49. Nb3 Rg2+ 50. Kb1 Kc6 51. Nc5
a5 52. Nd3 a4 53. Nc1 Kd5 54. Na2 Kc4 55. Nc1 Kc3 56. Ka1 Rh2 57. Kb1 Rh1 58.
Ka2 Kd2 0-1

[Event "43. Olimpiada Batumi 2018 Femenina"]
[Site "Batumi GEO"]
[Date "2018.09.26"]
[Round "3.3"]
[White "Froewis, Annika"]
[Black "Zarubinskaya, Irina"]
[Result "1-0"]
[WhiteElo "2113"]
[BlackElo "1772"]
[PlyCount "79"]
[EventDate "2018.09.24"]
[EventType "team-swiss"]
[EventRounds "11"]
[EventCountry "GEO"]
[SourceTitle "Ajedrez en Madrid"]
[Source "lmi"]
[SourceDate "2018.09.24"]
[WhiteTeam "Austria"]
[BlackTeam "IBCA"]
[WhiteTeamCountry "AUT"]

1. e4 c5 2. Nc3 Nc6 3. g3 d6 4. d3 Nf6 5. Bg2 e6 6. f4 Bd7 7. Nf3 Be7 8. O-O
O-O 9. h3 Rb8 10. a4 a6 11. g4 Nd4 12. Ne2 Nxf3+ 13. Bxf3 Bc6 14. a5 e5 15. Ng3
exf4 16. Bxf4 Nd7 17. c3 Ne5 18. d4 cxd4 19. cxd4 Nxf3+ 20. Qxf3 b6 21. axb6
Qxb6 22. Nf5 Rfe8 23. Rf2 Bf6 24. d5 Bd7 25. Nxd6 Bd4 26. Raf1 Qxb2 27. Be3
Bxe3 28. Qxe3 Rb3 29. Qf4 Qf6 30. Nxe8 Bxe8 31. Qxf6 gxf6 32. Kg2 Re3 33. Rxf6
a5 34. R1f4 a4 35. Ra6 a3 36. Ra8 Kf8 37. d6 Rd3 38. e5 Rd5 39. e6 Rd2+ 40. Kg3
1-0

[Event "43. Olimpiada Batumi 2018 Femenina"]
[Site "Batumi GEO"]
[Date "2018.09.26"]
[Round "3.4"]
[White "Vaishali Nrendra, Salavkar"]
[Black "Trippold, Denise"]
[Result "0-1"]
[WhiteElo "1357"]
[BlackElo "2146"]
[PlyCount "44"]
[EventDate "2018.09.24"]
[EventType "team-swiss"]
[EventRounds "11"]
[EventCountry "GEO"]
[SourceTitle "Ajedrez en Madrid"]
[Source "lmi"]
[SourceDate "2018.09.24"]
[WhiteTeam "IBCA"]
[BlackTeam "Austria"]
[BlackTeamCountry "AUT"]

1. e4 c5 2. c3 Nf6 3. e5 Nd5 4. d4 cxd4 5. cxd4 e6 6. Bc4 d6 7. Nf3 Be7 8. O-O
O-O 9. Bxd5 exd5 10. Nc3 dxe5 11. dxe5 Be6 12. Bf4 Nc6 13. Nd4 Qb6 14. Nxc6
bxc6 15. Qd2 Rab8 16. b3 Bb4 17. Be3 c5 18. Nxd5 Bxd2 19. Nxb6 Bxe3 20. Nc4
Bxc4 21. bxc4 Bd4 22. Rae1 Rb2 0-1

[Event "43. Olimpiada Batumi 2018 Femenina"]
[Site "Batumi GEO"]
[Date "2018.09.26"]
[Round "3.1"]
[White "Baciu, Diana"]
[Black "Milligan, Helen"]
[Result "1-0"]
[WhiteElo "2266"]
[BlackElo "1942"]
[PlyCount "131"]
[EventDate "2018.09.24"]
[EventType "team-swiss"]
[EventRounds "11"]
[EventCountry "GEO"]
[SourceTitle "Ajedrez en Madrid"]
[Source "lmi"]
[SourceDate "2018.09.24"]
[WhiteTeam "Moldova"]
[BlackTeam "New Zealand"]
[WhiteTeamCountry "MDA"]
[BlackTeamCountry "NZL"]

1. e4 e5 2. Nf3 Nc6 3. Bc4 Nf6 4. d3 Be7 5. O-O O-O 6. Re1 d6 7. a4 Na5 8. Ba2
c5 9. c3 Nc6 10. Na3 a6 11. h3 h6 12. Nc2 Re8 13. b4 Bf8 14. Bb2 Be6 15. Bxe6
Rxe6 16. b5 Ne7 17. Ne3 Ng6 18. Nd5 Nxd5 19. exd5 Re8 20. Nd2 f5 21. Qh5 Qf6
22. g3 Be7 23. h4 Rf8 24. d4 cxd4 25. cxd4 e4 26. f3 axb5 27. fxe4 f4 28. e5
dxe5 29. Ne4 Qf5 30. Qxf5 Rxf5 31. d6 Bd8 32. g4 Rf8 33. dxe5 Nxh4 34. axb5
Nf3+ 35. Kh1 Nxe1 36. Rxa8 Nd3 37. Bd4 Kf7 38. Nc5 Nxc5 39. Bxc5 Ke6 40. Bb6
Be7 41. Ra7 Bh4 42. Rxb7 f3 43. Kg1 f2+ 44. Kf1 Kxe5 45. d7 Ke6 46. Ra7 Rb8 47.
Bxf2 Bxf2 48. Kxf2 Ke7 49. Ra5 Kxd7 50. Ke3 g6 51. Kd4 h5 52. g5 Kc7 53. Ke5
Rf8 54. Ke4 Re8+ 55. Kd4 Rf8 56. Ra7+ Kb6 57. Ra6+ Kxb5 58. Rxg6 h4 59. Ke5 h3
60. Rh6 Rf3 61. g6 Kc5 62. g7 Rg3 63. Kf6 Kd4 64. Kf7 Rf3+ 65. Kg8 Ke3 66. Kh8
1-0